[Event "Augustow op-A"]
[Site "Augustow"]
[Date "1996.??.??"]
[Round "?"]
[White "Boder, Boguslaw"]
[Black "Jakubowski, Krzysztof"]
[Result "1/2-1/2"]
[WhiteElo "2010"]
[BlackElo "2135"]
[PlyCount "54"]
[EventDate "1996.??.??"]
[EventType "swiss"]
[EventRounds "9"]
[EventCountry "POL"]
[SourceTitle "EXT 2003"]
[Source "ChessBase"]
[SourceDate "2002.11.25"]
[SourceVersion "1"]
[SourceVersionDate "2002.11.25"]
[SourceQuality "1"]

1. e4 e5 2. Nf3 Nc6 3. Bb5 a6 4. Ba4 Nf6 5. 0-0 b5 6. Bb3 Bc5 7. c3 d6 8. d4 Bb6 9. dxe5 Nxe5 10. Nxe5 dxe5 11. Qxd8+ Kxd8 12. Bxf7 Bb7 13. Bg5 Ke7 14. Bb3 Rhf8 15. Nd2 h6 16. Bh4 Rad8 17. Nf3 g5 18. Bg3 Nxe4 19. Nxe5 Rf5 20. Nf3 Kf8 21. Nd4 Bxd4 22. cxd4 Rxd4 23. Bxc7 Rd2 24. Bb6 Rxb2 25. Rad1 Rd2 26. Be3 Rxd1 27. Rxd1 Ke7 1/2-1/2